000
00297nam a22001217a 4500
008
160506b xxu||||| |||| 00| 0 eng d
020
_a
9780781717878
020
_a
0781717876
041
_a
eng
080
_a
61
245
_a
Kelleys textbook of internal medicine:
_c
H.David Humes;
942
_2
udc
_c
BK
999
_c
1845
_d
1845